000 00462nam a2200181Ia 4500
008 230524s9999 xx 000 0 und d
020 _a9788184588687
082 _a604.2
_bLAL
100 _aRoop Lal
_942922
245 2 _aA Textbook of Engineering Drawing
250 _a1
260 _aNew Delhi
_bI.K.International
_c2015
300 _a"XI,429p;"
500 _aQuantity Number: 1
650 _aMechanics
700 _aRamakant Rana
_942923
942 _cBK
999 _c57889
_d57889